000 00398nam a2200157Ia 4500
008 230917s9999||||xx |||||||||||||| ||und||
040 _e82362
_aMAIN
041 _aEnglish
082 _a551 M218P
100 _aMcknight, Tom L
245 0 _aPhysical geography: a landscape appreciation
250 _a3rd ed.
260 _aNew Jersey
_bPrentice Hall
_c1984
300 _axii, 610 p.
942 _cBK
999 _c68250
_d68250